| 000 | 00000nam##2200000za#4500 |
| 001 | 9.601946 |
| 003 | CaOODSP |
| 005 | 20210624210323 |
| 007 | cr ||||||||||| |
| 008 | 150406|1998||||xxc|||||o f|0| 0 fre|d |
| 040 | |aCaOODSP|bfre |
| 043 | |an-cn--- |
| 086 | 1 |aTU3-5/98-42F-PDF |
| 110 | 2 |aBureau de la sécurité des transports du Canada. |
| 245 | 10|aDécollage interrompu et sortie en bout de piste, Hawker Siddeley HS-748-2A C-FBNW, First Air/Bradley Air Services Limited, Iqaluit (Nunavut), le 3 décembre 1998 |h[ressource électronique] |
| 260 | |aGatineau - Québec : |bBureau de la sécurité des transports du Canada |c[2001]. |
| 300 | |a29p.|bglossaire, tableaux |
| 490 | 1 |aRapport d'enquête aéronautique |vA98Q0192 |
| 500 | |a«Le Bureau a autorisé la publication du rapport le 25 septembre 2001.»--p.28 de 29. |
| 590 | |a12-18-Supp|b2012-04-25 |
| 775 | 08|tRejected take-off/runway overrun, First Air/Bradley Air Services Limited, Hawker Siddeley HS-748-2A C-FBNW, Iqaluit, Nunavut, 03 December 1998 |w(CaOODSP)9.571333 |
| 830 | #0|aRapport d'enquête aéronautique ;|vA98Q0192|w(CaOODSP)9.501229 |
| 856 | 40|ahttp://publications.gc.ca|qPDF|s149 Ko|uhttps://publications.gc.ca/collections/collection_2011/bst-tsb/TU3-5-98-42-fra.pdf|yA98Q0192 |